[Event "GER-ch Net Amateur Gr-B Final"]
[Site "Playchess.com INT"]
[Date "2020.04.18"]
[Round "13"]
[White "Eckert, David"]
[Black "Weiskopf, Philip Michael"]
[Result "1-0"]
[WhiteElo "1626"]
[BlackElo "1638"]
[PlyCount "35"]
[EventDate "2020.04.18"]
[EventType "swiss (blitz)"]
[EventRounds "13"]
[EventCountry "GER"]
[SourceTitle "CBM 195 Extra"]
[Source "ChessBase"]
[SourceDate "2020.05.31"]
[SourceVersion "1"]
[SourceVersionDate "2020.05.31"]
[SourceQuality "1"]

1. Nf3 d5 2. e4 dxe4 3. Ng5 Nf6 4. Nc3 Bf5 5. Bc4 e6 6. f3 exf3 7. Qxf3 Nc6 8. Nxf7 Kxf7 9. Qxf5 Qd7 10. Ne4 Be7 11. Ng5+ Ke8 12. Bxe6 Qd4 13. Bf7+ Kf8 14. Ne6+ Kxf7 15. Nxd4 Rhe8 16. Nxc6 bxc6 17. 0-0 Bc5+ 18. Qxc5 1-0

[Event "GER-ch Net Amateur Gr-B Vor3"]
[Site "Playchess.com INT"]
[Date "2020.04.16"]
[Round "6"]
[White "Fuhrmann, Bahne"]
[Black "Weiskopf, Philip Michael"]
[Result "0-1"]
[WhiteElo "1760"]
[BlackElo "1609"]
[PlyCount "140"]
[EventDate "2020.04.16"]
[EventType "swiss (blitz)"]
[EventRounds "9"]
[EventCountry "GER"]
[SourceTitle "CBM 195 Extra"]
[Source "ChessBase"]
[SourceDate "2020.05.31"]
[SourceVersion "1"]
[SourceVersionDate "2020.05.31"]
[SourceQuality "1"]

1. e4 c5 2. Nf3 Nc6 3. g3 g6 4. Bg2 Bg7 5. 0-0 e6 6. d3 Nge7 7. Qe2 0-0 8. Be3 d6 9. c3 e5 10. Nbd2 Bg4 11. h3 Be6 12. Rfd1 Qd7 13. Kh2 f5 14. Ng5 f4 15. Nxe6 Qxe6 16. d4 fxe3 17. d5 Qf6 18. dxc6 exd2 19. Rxd2 Nxc6 20. Rad1 Rad8 21. Qc4+ Kh8 22. a3 Bh6 23. Rd3 Qe7 24. b4 cxb4 25. axb4 Rxf2 26. b5 Na5 27. Qb4 b6 28. Kg1 Rf6 29. Rd5 Nb7 30. Bf1 Nc5 31. Be2 Rdf8 32. Bg4 Be3+ 33. Kg2 Rf2+ 34. Kh1 Rf1+ 35. Rxf1 Rxf1+ 36. Kg2 Rf2+ 37. Kh1 Nb7 38. Qc4 Rf8 39. Qc6 Qf7 40. Rd1 Bc5 41. Qd5 Qf2 42. Qd3 h5 43. Bf3 Rxf3 44. Qd5 Rf8 45. Qxb7 Qxg3 46. Qd7 Be3 47. Qxd6 Qf2 48. Qxf8+ Qxf8 49. Kg2 Qf2+ 50. Kh1 Bf4 51. Rd2 Qe1+ 52. Kg2 Qxd2+ 53. Kf3 Qe3+ 54. Kg2 Qxh3+ 55. Kf2 Qe3+ 56. Kg2 Qxc3 57. Kf2 Qd4+ 58. Ke2 Qe3+ 59. Kf1 Qxe4 60. Kf2 Qc4 61. Kf3 Qxb5 62. Ke4 Qc4+ 63. Kf3 a5 64. Kf2 a4 65. Kf3 a3 66. Kg2 Qb3 67. Kf2 a2 68. Ke2 a1Q 69. Kf2 Qaa2+ 70. Ke1 Qbb1# 0-1

[Event "GER-ch Net Amateur Gr-B Vor2"]
[Site "Playchess.com INT"]
[Date "2020.04.15"]
[Round "5"]
[White "Rempe, Jonas"]
[Black "Weiskopf, Philip Michael"]
[Result "1-0"]
[WhiteElo "1663"]
[BlackElo "1510"]
[PlyCount "51"]
[EventDate "2020.04.15"]
[EventType "swiss (blitz)"]
[EventRounds "9"]
[EventCountry "GER"]
[SourceTitle "CBM 196 Extra"]
[Source "ChessBase"]
[SourceDate "2020.07.31"]
[SourceVersion "1"]
[SourceVersionDate "2020.07.31"]
[SourceQuality "1"]

1. e4 c5 2. Nf3 Nc6 3. Nc3 e5 4. Bc4 d6 5. 0-0 Be7 6. a4 Nf6 7. d3 Bg4 8. h3 Bh5 9. g4 Bg6 10. Ne2 h5 11. g5 Nd7 12. Ng3 h4 13. Nf5 Bh5 14. Nxg7+ Kf8 15. Nxh5 Rxh5 16. Nxe5 Rh8 17. Nxf7 Qc7 18. Nxh8 Kg7 19. Nf7 Nce5 20. Nxe5 Nxe5 21. Bf4 Qd7 22. Bxe5+ dxe5 23. Qg4 Qd8 24. Qf5 Bxg5 25. Qxe5+ Kh6 26. Qe6+ 1-0

[Event "GER-ch Net Amateur Gr-B Vor1"]
[Site "Playchess.com INT"]
[Date "2020.04.14"]
[Round "4"]
[White "Weidenhoefer, Max"]
[Black "Weiskopf, Philip Michael"]
[Result "1-0"]
[WhiteElo "1688"]
[BlackElo "1521"]
[PlyCount "79"]
[EventDate "2020.04.14"]
[EventType "swiss (blitz)"]
[EventRounds "9"]
[EventCountry "GER"]
[SourceTitle "EXT 2021"]
[Source "ChessBase"]
[SourceDate "2020.10.23"]
[SourceVersion "1"]
[SourceVersionDate "2020.10.23"]
[SourceQuality "1"]

1. e4 c5 2. Nf3 Nc6 3. d4 cxd4 4. Nxd4 e5 5. Nb5 d6 6. N1c3 a6 7. Na3 Nf6 8. Bg5 h6 9. Bh4 Be7 10. Bxf6 Bxf6 11. Nd5 Bg5 12. c3 0-0 13. Bd3 Be6 14. 0-0 Qc8 15. Nc2 Bg4 16. Be2 Be6 17. Nce3 Rd8 18. Kh1 Rb8 19. f4 exf4 20. Nxf4 Ne5 21. Ned5 b5 22. Qd4 Qc5 23. Nxe6 Qxd4 24. Nxd4 Ng6 25. Nc6 Ne5 26. Nxd8 Rxd8 27. Bh5 g6 28. Be2 Rb8 29. Rf2 Nc6 30. Raf1 f6 31. Nxf6+ Bxf6 32. Rxf6 Kg7 33. Rf7+ Kg8 34. R1f6 Ne5 35. Rc7 Ng4 36. Rxg6+ Kh8 37. Bxg4 h5 38. Rh6+ Kg8 39. Be6+ Kf8 40. Rh8# 1-0

[Event "GER-ch Net blitz qual4"]
[Site "Playchess.com INT"]
[Date "2020.03.23"]
[Round "4"]
[White "Schulze, Lara"]
[Black "Weiskopf, Philip Michael"]
[Result "1-0"]
[WhiteElo "2314"]
[BlackElo "1648"]
[PlyCount "51"]
[EventDate "2020.03.23"]
[EventType "swiss (blitz)"]
[EventRounds "9"]
[EventCountry "GER"]
[SourceTitle "CBM 195 Extra"]
[Source "ChessBase"]
[SourceDate "2020.05.31"]
[SourceVersion "1"]
[SourceVersionDate "2020.05.31"]
[SourceQuality "1"]

1. e4 c5 2. Nf3 Nc6 3. d4 cxd4 4. Nxd4 e5 5. Nb5 d6 6. c4 a6 7. N5c3 Nf6 8. Bg5 Be7 9. Be2 h6 10. Bxf6 Bxf6 11. Nd5 Bg5 12. Nbc3 Nd4 13. g3 Bh3 14. Rc1 0-0 15. f4 exf4 16. Qxd4 fxg3 17. hxg3 Bg2 18. Kf2 Bxh1 19. Rxh1 f5 20. Bf3 fxe4 21. Nxe4 Rf5 22. Kg2 Qa5 23. Bg4 Rf7 24. Be6 Raf8 25. Nxg5 hxg5 26. Ne7# 1-0

[Event "Wellington op"]
[Site "Wellington"]
[Date "2018.03.31"]
[Round "5"]
[White "Ha, Huy Minh"]
[Black "Weiskopf, Philip Michael"]
[Result "1-0"]
[WhiteElo "1673"]
[BlackElo "1710"]
[PlyCount "107"]
[EventDate "2018.03.30"]
[EventType "swiss"]
[EventRounds "6"]
[EventCountry "NZL"]
[SourceTitle "EXT 2019"]
[Source "ChessBase"]
[SourceDate "2018.10.10"]
[SourceVersion "1"]
[SourceVersionDate "2018.10.10"]
[SourceQuality "1"]

1. d4 d5 2. Nf3 Nc6 3. Bf4 g6 4. e3 a6 5. c4 Nf6 6. Nc3 Be6 7. cxd5 Nxd5 8. Bg3 Nxc3 9. bxc3 Bf5 10. Be2 Bg7 11. 0-0 0-0 12. Qb3 b5 13. Rfd1 e6 14. Rac1 Be4 15. Nd2 Bd5 16. c4 bxc4 17. Bxc4 Na5 18. Qa4 c6 19. Bxd5 exd5 20. Rc5 Nb7 21. Rxc6 Qe8 22. Qc2 Rc8 23. Rc1 Ra8 24. Qb2 Nd8 25. Rb6 Qa4 26. Nb3 Ne6 27. Qd2 Ng5 28. Nc5 Ne4 29. Nxe4 dxe4 30. h3 Rfc8 31. Rxc8+ Rxc8 32. Rb8 Rxb8 33. Bxb8 Qb5 34. Bd6 Qb1+ 35. Kh2 Bf8 36. Bxf8 Kxf8 37. Qa5 Qb8+ 38. Qe5 Qxe5+ 39. dxe5 Ke7 40. Kg3 Ke6 41. Kf4 Kd5 42. f3 exf3 43. gxf3 h6 44. h4 Kc4 45. e6 fxe6 46. Ke5 Kd3 47. e4 Ke3 48. Kxe6 Kxf3 49. e5 g5 50. Kf5 g4 51. e6 g3 52. e7 g2 53. e8Q g1Q 54. Qe4+ 1-0